000 00435nam a2200181Ia 4500
001 10248
005 20260306161818.0
008 260306t2002||||xx |||||||||||||| ||spa||
041 _aESP
082 _a909.82
_bH59 T. 3
100 _aGispert, Carlos
_eAUT
245 0 _aHistoria del siglo XX:
_b1974-2000
260 _c2002
300 _apáginas 833-1272
_c29 cm.
650 _aGEN
654 _aCHU
942 _cLIB
_dJUS
_fJUS
_2ddc
_n
999 _c10248
_d10248